000 00498nam a22001937a 4500
003 OSt
005 20160511144609.0
008 160511b xxu||||| |||| 00| 0 eng d
020 _a1898486085
040 _cDDC.
082 _a572.8ROB 1997.
100 _aTait,Robert;
_98717
245 _aAn introduction to Molecular Biology.
260 _aUK.
_bHorizon Scientific Press.
_c1997.
300 _a346p;
_bill;
_c20cm.
504 _aincludes index.
650 _aBiology.
_95602
942 _2ddc
_cSLOAN
999 _c3987
_d3987